Posledná plavba HZDS

Podrobná bibliografia
Hlavný autor: Topol, Jakub (Autor)
Médium: Článok
Jazyk:slovenčina
PhysicalDescription:Fotogr.
ISSN:1335-468X
Predmet:

MARC

LEADER 00000nab a2200000 ar4500
001 vtls009003039
003 SK-MaSNL
005 20260303065530.0
008 070627c2007 xo wr|p|||||||000 b|slo
015 |a SNBRB2007/06  |2 snkbucl 
040 |a SNKBUCL  |b slo  |c SNKBUCL  |e AACR2 
041 0 |a slo 
044 |a xo  |c SK 
080 |a 32-051  |2 2001 
080 |a 329.7:061.3  |x (437.6)  |b HZDS-ĽS  |2 2001 
100 1 |a Topol, Jakub  |4 aut  |9 908758 
245 1 0 |a Posledná plavba HZDS  |c Jakub Topol 
300 |b Fotogr. 
600 1 7 |a Mečiar, Vladimír,  |d 1942-  |2 snkbucl  |9 10144 
610 2 7 |a Ľudová strana - Hnutie za demokratické Slovensko.  |b Snem  |d 2007  |2 snkbucl  |9 103219 
655 7 |a komentáre  |2 snkbucl  |9 70412 
773 0 |t Slovo : spoločensko-politický týždenník  |g Roč. IX, č. 24 (2007), s. 3  |x 1335-468X 
852 |a SNK  |b KIS3GCP 
958 |a SK 
999 |c 1751587  |d 1753517